<?xml version="1.0" encoding="UTF-8"?>
<collection xmlns="http://www.loc.gov/MARC21/slim">
<record>
  <controlfield tag="001">160470</controlfield>
  <controlfield tag="005">20250520135737.0</controlfield>
  <datafield tag="037" ind1=" " ind2=" ">
    <subfield code="a">GDOC-2024-67922</subfield>
  </datafield>
  <datafield tag="970" ind1=" " ind2=" ">
    <subfield code="a">GDOC-2024-67922</subfield>
  </datafield>
  <datafield tag="041" ind1=" " ind2=" ">
    <subfield code="a">spa</subfield>
  </datafield>
  <datafield tag="041" ind1=" " ind2=" ">
    <subfield code="a">eng</subfield>
  </datafield>
  <datafield tag="540" ind1=" " ind2=" ">
    <subfield code="a">by-nc-sa</subfield>
    <subfield code="b">Creative Commons</subfield>
    <subfield code="c">3.0</subfield>
    <subfield code="u">http://creativecommons.org/licenses/by-nc-sa/3.0/</subfield>
  </datafield>
  <datafield tag="260" ind1=" " ind2=" ">
    <subfield code="a">Zaragoza</subfield>
    <subfield code="b">Universidad de Zaragoza</subfield>
    <subfield code="c">2024-2025</subfield>
  </datafield>
  <datafield tag="245" ind1="0" ind2="0">
    <subfield code="9">67922</subfield>
    <subfield code="a">Historia de la vida cotidiana</subfield>
  </datafield>
  <datafield tag="242" ind1="0" ind2="0">
    <subfield code="9">67922</subfield>
    <subfield code="a">History of Everyday Life</subfield>
  </datafield>
  <datafield tag="100" ind1=" " ind2=" ">
    <subfield code="0">(orcid)0000-0003-4896-4565</subfield>
    <subfield code="a">María Luz Rodrigo, Estevan</subfield>
    <subfield code="1">188385</subfield>
  </datafield>
  <datafield tag="700" ind1=" " ind2=" ">
    <subfield code="0">(orcid)0000-0003-1150-7467</subfield>
    <subfield code="a">Eliseo Serrano, Martín</subfield>
    <subfield code="1">387361</subfield>
  </datafield>
  <datafield tag="830" ind1=" " ind2=" ">
    <subfield code="9">528</subfield>
  </datafield>
  <datafield tag="856" ind1="4" ind2=" ">
    <subfield code="s">8687</subfield>
    <subfield code="u">http://zaguan.unizar.es/record/160470/files/guia-67922-en.pdf</subfield>
    <subfield code="y">Guide (english)</subfield>
  </datafield>
  <datafield tag="856" ind1="4" ind2=" ">
    <subfield code="s">8829</subfield>
    <subfield code="u">http://zaguan.unizar.es/record/160470/files/guia-67922-es.pdf</subfield>
    <subfield code="y">Guía (idioma español)</subfield>
  </datafield>
  <datafield tag="521" ind1=" " ind2=" ">
    <subfield code="9">648</subfield>
    <subfield code="a">Máster Universitario en Investigación y Estudios Avanzados en Historia</subfield>
    <subfield code="b">Master's in Research and Advanced Studies in History</subfield>
  </datafield>
  <datafield tag="980" ind1=" " ind2=" ">
    <subfield code="a">GDOC</subfield>
    <subfield code="b">Arts and Humanities</subfield>
    <subfield code="b">Artes y Humanidades</subfield>
    <subfield code="c">103</subfield>
  </datafield>
</record>
</collection>